000 00464nam a2200169 4500
020 _a9780070141094
082 _a621.38043 NAG
100 _aNagrath, I.J.
245 _aSignals and systems
250 _a2nd ed.
260 _aNew Delhi, India
_bMcGraw-Hill
_c2009
300 _axii, 635 p.
_bill. ;
500 _aIncludes index.
650 _a1. Signal theory (Telecommunication) 2. System analysis.
700 _aSharan, S.N. and Ranjan, Rakesh
942 _cBK
999 _c12333
_d12333